Chinese Cities by Satellite View #1 - Statistics

General Stats
  • This quiz has been taken 12 times
  • The average score is 7 of 9
Answer Stats
Picture Answer % Correct
Qingdao
100%
Xiamen
100%
Shenzhen
82%
Wuhan
82%
Nanjing
73%
Taipei
73%
Hangzhou
64%
Sanya
64%
Zhoushan
64%
No matching quizzes found
Score Distribution
Percent of People with Each Score
Percentile by Number Answered
Your Score History
You have not taken this quiz